000 00819nam a2200265Ia 4500
003 OSt
005 20220930082406.0
006 a|||||r|||| 00| 0
007 ta
008 220926b |||||||| |||| 00| 0 eng d
024 _a30,733
037 _cTheses
040 _aCRL
_cCRL
_beng
041 _2eng
_aeng
100 _aAhuja Sushil
_9531275
110 _aUniversity of Delhi. Faculty of Education. Department of Education
245 0 _aPhenomenological perspective in education
_b A philosophical enquiry
260 _c1999
300 _a245p.
_ap.
_ccm.
650 _aEDUCATION
700 _a Prof R P Sharma Supervisor
_9531276
700 _aUniversity of Delhi. Faculty of Education. Department of Education
942 _cDIS
_2CC
999 _c873046
_d873046